000 00469nmm a2200169Ia 4500
008 251105s9999||||xx |||||||||||||||||und||
020 _a9788417637996
041 _aspa
100 _aRod, Ubaldo
245 0 _aLibertad
264 _a[Madrid, España] :
_bLantia,
_c[Fecha de publicación no identificada]
300 _a0 páginas
490 _aCaligrama
650 _aHistorical fiction
856 _uhttps://public.digitaliapublishing.com/a/122173
942 _cCF
999 _c78987
_d78987